000
00360nam a2200169Ia 4500
100
_a
Sunggu Lee
650
_a
Logic Design
942
_c
BK
366
_f
17.5
654
_a
logic design
245
_a
Digital Logic Design
260
_b
Cengage Learning
_a
Mumbai
_c
2003
082
_a
621.395/SUN
_b
SUN
300
_a
324
546
_a
ENGLISH
999
_c
32963
_d
32963